| 000 | 00357 a2200169 4500 | ||
|---|---|---|---|
| 001 | 192672 | ||
| 020 | _a85-7153-041-6 | ||
| 040 | _cMagnum | ||
| 100 | _aAraujo, Maria Lysia Correa de | ||
| 240 | 1 | 0 |
_aAcorda, Luiz ! _lpor |
| 245 | 1 | 0 | _aAcorda, Luiz ! |
| 300 | _a12 | ||
| 362 | 0 | _a1991 | |
| 440 | 1 | _aRHJ | |
| 697 | _aLITERATURA INFANTIL | ||
| 942 | _cBK | ||
| 999 |
_c192672 _d192672 |
||